|
|
|
|
| LEADER |
01029nam a2200265 a 4500 |
| 001 |
GR-MES8809 |
| 008 |
950729s1997 fr b u000 b fre d |
| 020 |
|
|
|a 220001421X
|
| 040 |
|
|
|a GrPaTEI
|b gre
|c GR-PaULI
|
| 040 |
|
|
|a GrPaTEI
|b gre
|c GR-PaULI
|
| 082 |
|
0 |
|a 341.2422
|2 20
|
| 100 |
1 |
|
|a Isaac, Guy
|
| 245 |
1 |
0 |
|a Droit communautaire general /
|c par Guy Isaac.
|
| 250 |
|
|
|a 5th ed.
|
| 260 |
|
|
|a Paris :
|b Armand Colin/Masson,
|c 1997
|
| 300 |
|
|
|a 328 σ.
|
| 490 |
0 |
|
|a Droit
|
| 500 |
|
|
|a Περιλαμβάνει ευρετήριο
|
| 504 |
|
|
|a Περιλαμβάνει βιβλιογραφία.
|
| 650 |
|
4 |
|a Διεθνές Δίκαιο
|
| 650 |
|
4 |
|a Δίκαιο
|z Ευρωπαϊκή Οικονομική Κοινότητα, Χώρες της
|
| 942 |
|
|
|2 ddc
|
| 952 |
|
|
|0 0
|1 0
|2 ddc
|4 0
|6 341_242200000000000_ISA
|7 0
|9 279153
|a MSLG
|b MSLG
|c BSC
|d 2021-01-17
|e 24
|f 0
|g 0.00
|l 0
|o 341.2422 ISA
|p 2420000009388
|r 2021-01-17 00:00:00
|t 1
|w 2021-01-17
|y BK15
|x 20030825 0 1
|x GrPaTEI
|
| 971 |
|
|
|a .b25872801
|b 15-04-20
|c 14-09-16
|
| 999 |
|
|
|c 162611
|d 162611
|